000 00587nam a2200241Ia 4500
003 OSt
005 20220924145534.0
006 a|||||r|||| 00| 0
007 ta
008 220923b |||||||| |||| 00| 0 tel d
020 _c3.75
024 _a329206
037 _cTextual
040 _aARTS
_cARTS
_btel
041 _2tel
_atel
082 _aNT, 35L1.-.2
100 _aReddy N.Ravindra
_9219998
245 0 _aTheatre arts. part.-2
260 _c1971
650 _aTHEATER
942 _hNT, 35L1.-.2
_cTEXL
_2CC
999 _c460420
_d460420